000 00308nam a2200133Ia 4500
100 _aGilberg/Richard F
942 _cBK
654 _adatastructures
245 _aDatastructures:A pseudocode approach with C
260 _bThomson/Brooks
_c1998
082 _a5.72
_bGIL
300 _a671
546 _aENGLISH
999 _c27019
_d27019